Catálogo - Centro de Recursos para el Aprendizaje y la Investigación

Volver al Sitio - CRAI Biblioteca

Las pruebas en la controversia constitucional y en la acción de inconstitucionalidad / (Registro nro. 113578)

Detalles MARC
000 -CABECERA
campo de control de longitud fija 01671nam a2200277 4500
001 - NÚMERO DE CONTROL
campo de control 113578
003 - IDENTIFICADOR DEL NÚMERO DE CONTROL
campo de control DR-UNIBE
005 - FECHA Y HORA DE LA ÚLTIMA TRANSACCIÓN
campo de control 20251028102532.0
008 - DATOS DE LONGITUD FIJA--INFORMACIÓN GENERAL
campo de control de longitud fija 250508b2005 mx ||||| |||| 00| 0 spa d
020 ## - NÚMERO INTERNACIONAL ESTÁNDAR DEL LIBRO
Número Internacional Estándar del Libro 9789707125381
040 ## - FUENTE DE LA CATALOGACIÓN
Centro catalogador/agencia de origen BIBLIOTECA UNIBE
Centro/agencia transcriptor BIBLIOTECA UNIBE
Lengua de catalogación spa
Normas de descripción rda
041 ## - CÓDIGO DE LENGUA
Código de lengua del texto/banda sonora o título independiente spa
082 ## - NÚMERO DE LA CLASIFICACIÓN DECIMAL DEWEY
Número de edición 22
Número de clasificación 347.06 M611p
110 10 - ENTRADA PRINCIPAL--NOMBRE DE ENTIDAD CORPORATIVA
Nombre de entidad corporativa o nombre de jurisdicción como elemento de entrada Mexico. Suprema Corte de Justicia de la Nación
9 (RLIN) 194807
Término indicativo de función/relación autor
245 14 - MENCIÓN DE TÍTULO
Título Las pruebas en la controversia constitucional y en la acción de inconstitucionalidad /
Mención de responsabilidad, etc. Suprema Corte de Justicia de la Nación
250 ## - MENCIÓN DE EDICIÓN
Mención de edición Primera edición
260 ## - PUBLICACIÓN, DISTRIBUCIÓN, ETC.
Lugar de publicación, distribución, etc. México :
Nombre del editor, distribuidor, etc. Suprema Corte de Justicia de la Nación,
Fecha de publicación, distribución, etc. 2005
300 ## - DESCRIPCIÓN FÍSICA
Extensión 141 páginas :
Dimensiones 17 x 11 cm
490 ## - MENCIÓN DE SERIE
Mención de serie Colección figuras constitucionales ;
Designación de volumen o secuencia 3
505 ## - NOTA DE CONTENIDO CON FORMATO
Nota de contenido con formato Presentación |<br/>I. La teoría general del proceso |<br/>II. La defensa de la Constitución y el derecho procesal constitucional |<br/>III. Los sistemas de control constitucional |<br/>IV. Los tipos de control de la constitucionalidad |<br/>V. Los medios de control constitucional de México |<br/>VI. Estudio conjunto de la controversia constitucional y la acción de inconstitucionalidad |<br/>VII. Las fases procesales y las pruebas en la controversia constitucional y en la acción de inconstitucionalidad |<br/>VIII. Diferencias y semejanzas entre la controversia constitucional y en la acción de inconstitucionalidad |<br/>Bibliografía |<br/>Normativa |<br/>Acuerdos
650 #7 - PUNTO DE ACCESO ADICIONAL DE MATERIA--TÉRMINO DE MATERIA
Fuente del encabezamiento o término lemb
Término de materia o nombre geográfico como elemento de entrada Prueba (Derecho)
650 #7 - PUNTO DE ACCESO ADICIONAL DE MATERIA--TÉRMINO DE MATERIA
Fuente del encabezamiento o término lemb
Término de materia o nombre geográfico como elemento de entrada Derecho constitucional
Subdivisión geográfica México
9 (RLIN) 200284
650 #7 - PUNTO DE ACCESO ADICIONAL DE MATERIA--TÉRMINO DE MATERIA
Fuente del encabezamiento o término lemb
Término de materia o nombre geográfico como elemento de entrada Derecho procesal
710 10 - PUNTO DE ACCESO ADICIONAL--NOMBRE DE ENTIDAD CORPORATIVA
Nombre de entidad corporativa o nombre de jurisdicción como elemento de entrada Comité de Publicaciones y Promoción Educativa
9 (RLIN) 194812
Término indicativo de función/relación presentación
942 ## - ELEMENTOS DE PUNTO DE ACCESO ADICIONAL (KOHA)
Fuente del sistema de clasificación o colocación Sistema de Clasificación Decimal Dewey
Tipo de ítem Koha Libro (general)
Existencias
Estado de retiro Estado de pérdida Fuente del sistema de clasificación o colocación No para préstamo Código de colección Localización permanente Fecha de adquisición Total de préstamos Signatura topográfica completa Código de barras Fecha visto por última vez Número de copia Precio válido a partir de Tipo de ítem Koha
  Disponible Sistema de Clasificación Decimal Dewey   General Biblioteca Central UNIBE 08/04/2025   347.06 M611p 250407 08/05/2025 Ej. 1 08/05/2025 Libro (general)